| 000 | 00518nam a22001937a 4500 | ||
|---|---|---|---|
| 003 | MPLRDC | ||
| 005 | 20220104142747.0 | ||
| 008 | 210129b ||||| |||| 00| 0 eng d | ||
| 020 | _a957-755-326-5 | ||
| 082 | _a192.32 JMWW c.2 | ||
| 100 | _a将门文物出版有限公司 编辑部 | ||
| 245 |
_a必胜口才学 _c |
||
| 250 | _a第三版 | ||
| 260 |
_a台湾 _b将门文物出版有限公司 _c1997 |
||
| 300 | _b251 | ||
| 490 | _a人际关系书系 | ||
| 650 | _a谈话; 口才 | ||
| 942 |
_cBK _o192.32 JMWW c.2 |
||
| 999 |
_c33491 _d33481 |
||